000 00758nam a2200289Ia 4500
005 20260324114126.0
008 008 260324s9999 xx 000 0 eng d
020 _a9781003424680
037 _aEBOOK
040 _aCRL
040 _beng
040 _cCRL
041 _2eng
041 _aeng
084 _qCRL
100 _aAli M. Nikbakht; Ahmad Piri; Azharul Karim
_91149533
245 0 _aApplied Thermodynamics in Unit Operations
245 0 _bSolved Examples on Energy, Exergy, and Economic Analyses of Processes
260 _bTaylor and Francis
260 _c2023
365 _a
365 _b290
856 _uhttp://www.taylorfrancis.com/books/9781003424680
942 _cEBOOK
999 _c1739538
_d1739538